[Event "Women's Speed Chess Main"]
[Site "chess.com INT"]
[Date "2021.06.13"]
[Round "1.12"]
[White "Gunina, Valentina"]
[Black "Lagno, Kateryna"]
[Result "1-0"]
[WhiteTitle "GM"]
[BlackTitle "GM"]
[WhiteElo "2436"]
[BlackElo "2558"]
[WhiteFideId "4167570"]
[BlackFideId "14109336"]
[EventDate "2021.06.12"]

1. d4 Nf6 2. c4 g6 3. Nc3 Bg7 4. e4 d6 5. Be2 O-O 6. Be3 Nc6 7. d5 Ne5 8. Rc1 c6
9. Nf3 Nfg4 10. Bd2 cxd5 11. cxd5 a6 12. O-O Nxf3+ 13. Bxf3 Ne5 14. Be2 b5 15.
Be3 Bd7 16. Qd2 Rc8 17. Bh6 f6 18. Bxg7 Kxg7 19. h3 Qb6 20. Kh2 Nc4 21. Bxc4
Rxc4 22. b3 Rc7 23. Ne2 Rfc8 24. Rxc7 Rxc7 25. Nd4 Qc5 26. Rd1 Qc3 27. Qe2 Rc5
28. Rd2 a5 29. Qd1 a4 30. f3 Qe3 31. Re2 Qf4+ 32. g3 Qc1 33. Qxc1 Rxc1 34. Rc2
Rd1 35. Ne2 b4 36. bxa4 Bxa4 37. Rb2 Bb5 38. Nf4 Ra1 39. g4 g5 40. Ne6+ Kf7 41.
Kg3 Bf1 42. h4 h6 43. h5 Rd1 44. Kf2 Bb5 45. Rxb4 Bd7 46. Nd8+ Ke8 47. Rb8 Kf8
48. Ne6+ 1-0

[Event "Women's Speed Chess Main"]
[Site "chess.com INT"]
[Date "2021.06.13"]
[Round "1.13"]
[White "Lagno, Kateryna"]
[Black "Gunina, Valentina"]
[Result "1/2-1/2"]
[WhiteTitle "GM"]
[BlackTitle "GM"]
[WhiteElo "2558"]
[BlackElo "2436"]
[WhiteFideId "14109336"]
[BlackFideId "4167570"]
[EventDate "2021.06.12"]

1. e4 c6 2. Nc3 d5 3. Nf3 Bg4 4. h3 Bxf3 5. Qxf3 e6 6. d4 Nf6 7. a3 dxe4 8. Qe3
Nbd7 9. Nxe4 Nxe4 10. Qxe4 Nf6 11. Qd3 Be7 12. Be2 O-O 13. O-O Qc7 14. Bf3 Rad8
15. Qe3 Rfe8 16. Rd1 Bd6 17. Qb3 Re7 18. Be3 Bf4 19. Bxf4 Qxf4 20. Qe3 Qxe3 21.
fxe3 Red7 22. Kf2 g6 23. c3 Kg7 24. g4 Re7 25. g5 Nd7 26. h4 Rf8 27. Kg3 f5 28.
gxf6+ Nxf6 29. Rf1 e5 30. Rae1 Rfe8 31. Kf2 Nd7 32. Bg4 Nb6 33. h5 Nc4 34. hxg6
hxg6 35. Rg1 exd4 36. exd4 Rxe1 37. Rxe1 Rxe1 38. Kxe1 Nxb2 39. Bc8 b6 40. Ba6
Kf6 41. Ke2 Ke6 42. Ke3 g5 43. Ke4 Nd1 44. c4 Nf2+ 45. Kf3 Nd1 46. Ke4 Kd6 47.
Bc8 Nc3+ 48. Kd3 Nd1 49. Kd2 Nb2 50. Kc3 Na4+ 51. Kb4 Nb2 52. Kc3 Nd1+ 53. Kd2
Nb2 54. Kc3 1/2-1/2

[Event "Women's Speed Chess Main"]
[Site "chess.com INT"]
[Date "2021.06.13"]
[Round "1.14"]
[White "Gunina, Valentina"]
[Black "Lagno, Kateryna"]
[Result "0-1"]
[WhiteTitle "GM"]
[BlackTitle "GM"]
[WhiteElo "2436"]
[BlackElo "2558"]
[WhiteFideId "4167570"]
[BlackFideId "14109336"]
[EventDate "2021.06.12"]

1. d4 Nf6 2. c4 g6 3. Nc3 Bg7 4. e4 d6 5. Nf3 O-O 6. Be2 e5 7. O-O Nc6 8. Be3
Ng4 9. Bg5 f6 10. Bh4 Nh6 11. d5 Ne7 12. Nd2 g5 13. Bg3 b6 14. b4 f5 15. exf5
Nhxf5 16. Nde4 Ng6 17. c5 a5 18. cxd6 cxd6 19. bxa5 Rxa5 20. a4 Nf4 21. Bb5 Nd4
22. Qd2 Nb3 23. Qe3 Nxa1 24. Rxa1 Bf5 25. f3 Qc7 26. Bf2 Rb8 27. Rc1 Qe7 28. Be1
g4 29. fxg4 Bxg4 30. g3 Nh3+ 31. Kg2 h5 32. Bd2 Raa8 33. Bc6 Ra7 34. Ra1 Rf8 35.
Nb5 Nf4+ 36. Kh1 Ne2 37. h3 Bf3+ 38. Kh2 Bxe4 39. Nxa7 Bf3 40. Nb5 e4 41. Rf1
Be5 42. Be1 h4 43. Rxf3 exf3 44. Qh6 hxg3+ 0-1

[Event "Women's Speed Chess Main"]
[Site "chess.com INT"]
[Date "2021.06.13"]
[Round "1.15"]
[White "Lagno, Kateryna"]
[Black "Gunina, Valentina"]
[Result "0-1"]
[WhiteTitle "GM"]
[BlackTitle "GM"]
[WhiteElo "2558"]
[BlackElo "2436"]
[WhiteFideId "14109336"]
[BlackFideId "4167570"]
[EventDate "2021.06.12"]

1. e4 c6 2. Nc3 d5 3. Nf3 dxe4 4. Nxe4 Nf6 5. Qe2 Nxe4 6. Qxe4 Nd7 7. d4 Nf6 8.
Qf4 Nd5 9. Qd2 Bf5 10. Bc4 e6 11. O-O Bd6 12. Re1 O-O 13. Qe2 Qf6 14. Ne5 Qh4
15. c3 f6 16. Nf3 Qh5 17. Bd3 Rae8 18. h3 Bc7 19. Bd2 e5 20. Bxf5 Qxf5 21. dxe5
fxe5 22. Ng5 e4 23. c4 Nf6 24. g4 Qe5 25. f4 exf3 26. Qxe5 f2+ 27. Kxf2 Nxg4+
28. Kg2 Nxe5 29. Bb4 Nd3 30. Rxe8 Rxe8 31. Bc3 Nf4+ 32. Kf3 h6 33. Ne4 Nxh3 34.
c5 Rf8+ 35. Ke3 Bf4+ 36. Ke2 Ng5 37. Nd6 Bxd6 38. cxd6 Rd8 39. Rd1 Kf7 40. Ke3
Rd7 41. Kf4 Ke6 42. Bb4 b6 43. Re1+ Kf7 44. Rd1 c5 45. Bc3 Ke6 46. a4 Rf7+ 47.
Kg4 Kd7 48. Kh5 Ne6 49. Kg6 Rf3 50. Be5 Re3 51. Kf5 g6+ 52. Kf6 Ng5 53. Bf4 Re6+
54. Kg7 Ne4 55. Kxh6 g5+ 0-1

[Event "Women's Speed Chess Main"]
[Site "chess.com INT"]
[Date "2021.06.13"]
[Round "1.16"]
[White "Gunina, Valentina"]
[Black "Lagno, Kateryna"]
[Result "1-0"]
[WhiteTitle "GM"]
[BlackTitle "GM"]
[WhiteElo "2436"]
[BlackElo "2558"]
[WhiteFideId "4167570"]
[BlackFideId "14109336"]
[EventDate "2021.06.12"]

1. d4 Nf6 2. c4 g6 3. Nc3 Bg7 4. e4 d6 5. Be2 O-O 6. Be3 Nc6 7. d5 Ne5 8. Rc1 c6
9. h3 cxd5 10. cxd5 a6 11. Nf3 Nxf3+ 12. Bxf3 b5 13. O-O Bd7 14. Ne2 Rc8 15. Nd4
Rxc1 16. Qxc1 Qa5 17. a3 Rc8 18. Qd1 h5 19. Qd3 Ne8 20. b4 Qd8 21. Qd2 Rc7 22.
Nb3 Rc3 23. Rb1 Qc7 24. Qd1 Qc4 25. Bd2 Rc2 26. Rc1 Rxc1 27. Bxc1 Nf6 28. Na5
Qc3 29. Qd2 Qa1 30. Qc2 g5 31. g3 g4 32. Nb3 Qe5 33. Bf4 Qxe4 34. Bxe4 1-0

[Event "Women's Speed Chess Main"]
[Site "chess.com INT"]
[Date "2021.06.13"]
[Round "1.17"]
[White "Lagno, Kateryna"]
[Black "Gunina, Valentina"]
[Result "1-0"]
[WhiteTitle "GM"]
[BlackTitle "GM"]
[WhiteElo "2558"]
[BlackElo "2436"]
[WhiteFideId "14109336"]
[BlackFideId "4167570"]
[EventDate "2021.06.12"]

1. e4 c6 2. Nc3 d5 3. Nf3 dxe4 4. Nxe4 Nf6 5. Qe2 Nxe4 6. Qxe4 Nd7 7. d4 Nf6 8.
Qf4 Nd5 9. Qd2 Bf5 10. c4 Nf6 11. Bd3 Bxd3 12. Qxd3 e6 13. O-O Bd6 14. Bg5 h6
15. Bh4 Qc7 16. Rfe1 O-O 17. Bxf6 gxf6 18. d5 Rad8 19. Rad1 Kg7 20. a3 Rfe8 21.
Qb3 Bc5 22. dxe6 Rxd1 23. Qxd1 fxe6 24. b4 Bf8 25. Nd4 Qc8 26. Qg4+ Kf7 27. Qh5+
Kg8 28. Qg6+ Kh8 29. Nf5 Qd7 30. Nxh6 Bg7 31. Nf5 Rd8 32. Qh5+ Kg8 33. Nxg7 Qxg7
34. Rxe6 Qf7 35. Qg4+ Kf8 36. h3 Re8 37. Rxe8+ Qxe8 38. Qf4 Qe7 39. Qb8+ Kg7 40.
Qxa7 Qe1+ 41. Kh2 Qe5+ 42. g3 Kg6 43. Qe3 Qb2 44. h4 Qc2 45. c5 Qf5 46. Kg2 Qd5+
47. Qf3 Qd4 48. Kh3 Qe5 49. Qd3+ Kg7 50. Qd7+ Kg6 51. Qg4+ Kf7 52. h5 Qd5 53.
Kh2 Qd2 54. Qg6+ Ke6 55. Qe4+ Kf7 56. Kg2 1-0

[Event "Women's Speed Chess Main"]
[Site "chess.com INT"]
[Date "2021.06.13"]
[Round "1.18"]
[White "Gunina, Valentina"]
[Black "Lagno, Kateryna"]
[Result "0-1"]
[WhiteTitle "GM"]
[BlackTitle "GM"]
[WhiteElo "2436"]
[BlackElo "2558"]
[WhiteFideId "4167570"]
[BlackFideId "14109336"]
[EventDate "2021.06.12"]

1. d4 Nf6 2. c4 g6 3. Nc3 Bg7 4. e4 d6 5. Be2 O-O 6. Be3 Nc6 7. d5 Ne5 8. Rc1 e6
9. f4 Ned7 10. Nh3 exd5 11. cxd5 Re8 12. Nf2 a6 13. O-O b5 14. Bf3 Bb7 15. Qd2
Nb6 16. b3 Qd7 17. Ne2 h5 18. h3 a5 19. Nd4 b4 20. f5 Rac8 21. Bh6 Bh8 22. fxg6
fxg6 23. Ne6 Rxe6 24. dxe6 Qxe6 25. e5 Bxf3 26. exf6 Bb7 27. Nd3 Bxf6 28. Rce1
Bd4+ 29. Kh2 Qd5 30. Qe2 Kh7 31. Bf4 Re8 32. Qc2 Qc6 33. Qxc6 Bxc6 34. Rxe8 Bxe8
35. Re1 Bb5 36. Re7+ Kg8 37. Ne1 Nd5 38. Re4 Bf6 39. Bd2 Nc3 40. Bxc3 bxc3 41.
Kg3 d5 42. Re6 Kf7 43. Re3 d4 44. Rf3 Bc6 45. Rf4 g5 46. Rf5 Be4 47. Rc5 d3 48.
Nxd3 Bxd3 49. Rxc7+ Kg6 50. Kf3 Bd4 51. a3 c2 52. b4 axb4 53. axb4 Bb2 54. Ke3
c1=Q+ 55. Rxc1 Bxc1+ 56. Kxd3 Kf5 57. b5 Bf4 58. b6 Bb8 59. Ke3 Ke5 60. b7 Kf5
61. Kf3 g4+ 62. hxg4+ hxg4+ 63. Ke3 Ke5 64. Kf2 Ba7+ 65. Kg3 Kf5 66. Kh4 Bb8 0-1

[Event "Women's Speed Chess Main"]
[Site "chess.com INT"]
[Date "2021.06.13"]
[Round "1.21"]
[White "Lagno, Kateryna"]
[Black "Gunina, Valentina"]
[Result "0-1"]
[WhiteTitle "GM"]
[BlackTitle "GM"]
[WhiteElo "2558"]
[BlackElo "2436"]
[WhiteFideId "14109336"]
[BlackFideId "4167570"]
[EventDate "2021.06.12"]

1. e4 c6 2. Nc3 d5 3. Nf3 dxe4 4. Nxe4 Nf6 5. Qe2 Nxe4 6. Qxe4 Nd7 7. d4 Nf6 8.
Qf4 Nd5 9. Qd2 Bf5 10. c4 Nf6 11. Bd3 Bxd3 12. Qxd3 e6 13. O-O Qc7 14. Bg5 Be7
15. Rfe1 Rd8 16. Qe2 O-O 17. a3 a5 18. Rad1 Qb6 19. h3 Rfe8 20. Qc2 c5 21. Be3
h6 22. Qa4 Rc8 23. b3 Red8 24. dxc5 Bxc5 25. Rxd8+ Rxd8 26. Bxc5 Qxc5 27. b4
axb4 28. Qxb4 Qc7 29. a4 Nd7 30. Rd1 Rc8 31. a5 Nb8 32. Rb1 Nc6 33. Qb5 Nxa5 34.
Ne5 f6 35. Nd7 Nxc4 36. Qxb7 Qxb7 37. Rxb7 e5 38. Nb6 Nd6 39. Rd7 Rc1+ 40. Kh2
Ne4 41. f3 Ng5 42. h4 Ne6 43. Nd5 Rc4 44. Kg3 h5 45. Rd6 Nd4 46. Rd8+ Kf7 47.
Nb6 Nf5+ 48. Kf2 Rxh4 49. Rd7+ Kg6 50. Nc8 Rd4 51. Rc7 Rd2+ 52. Kf1 Ne3+ 0-1

[Event "Women's Speed Chess Main"]
[Site "chess.com INT"]
[Date "2021.06.13"]
[Round "1.22"]
[White "Gunina, Valentina"]
[Black "Lagno, Kateryna"]
[Result "1/2-1/2"]
[WhiteTitle "GM"]
[BlackTitle "GM"]
[WhiteElo "2436"]
[BlackElo "2558"]
[WhiteFideId "4167570"]
[BlackFideId "14109336"]
[EventDate "2021.06.12"]

1. d4 Nf6 2. c4 g6 3. Nc3 d5 4. Nf3 Bg7 5. cxd5 Nxd5 6. e4 Nxc3 7. bxc3 O-O 8.
Be2 c5 9. O-O Qa5 10. Be3 Qxc3 11. Rc1 Qa3 12. dxc5 Be6 13. Rb1 Na6 14. Qc1 Qxa2
15. Re1 Rfc8 16. Rxb7 Qa5 17. Bd2 Qxc5 18. Bxa6 Qd6 19. Rxa7 Rxa7 20. Bxc8 Rc7
21. Bf4 Rxc1 22. Bxd6 Rxe1+ 23. Nxe1 exd6 24. Bxe6 fxe6 25. Nd3 Kf7 26. Kf1 d5
27. f3 dxe4 28. fxe4 Bd4 29. Ke2 Kf6 30. Kf3 h5 31. h3 e5 32. Nb4 Kg5 33. Nc6
Bc3 34. Ne7 Bb2 35. g3 Kf6 36. Nd5+ Ke6 37. g4 Bc1 38. Kg3 hxg4 39. Kxg4 Bd2 40.
Nc7+ Kf6 41. Nd5+ Ke6 42. Nc7+ Kf6 43. Nd5+ Ke6 1/2-1/2

[Event "Women's Speed Chess Main"]
[Site "chess.com INT"]
[Date "2021.06.13"]
[Round "1.23"]
[White "Lagno, Kateryna"]
[Black "Gunina, Valentina"]
[Result "1-0"]
[WhiteTitle "GM"]
[BlackTitle "GM"]
[WhiteElo "2558"]
[BlackElo "2436"]
[WhiteFideId "14109336"]
[BlackFideId "4167570"]
[EventDate "2021.06.12"]

1. e4 c6 2. Nc3 d5 3. Nf3 dxe4 4. Nxe4 Nf6 5. Qe2 Nxe4 6. Qxe4 Nd7 7. d4 Nf6 8.
Qf4 Nd5 9. Qd2 Bf5 10. c4 Nf6 11. Bd3 Bxd3 12. Qxd3 e6 13. O-O Qc7 14. Re1 Be7
15. a3 Rd8 16. Qc2 O-O 17. Bg5 h6 18. Bh4 Rfe8 19. Rad1 c5 20. dxc5 Qxc5 21. b4
Qc8 22. c5 b6 23. c6 b5 24. Rc1 Nd5 25. Bg3 Bd6 26. Bxd6 Rxd6 27. Qc5 Red8 28.
Qxb5 Nf4 29. c7 Rf8 30. Rc6 Rd7 31. Qc4 Nd3 32. Rb1 e5 33. b5 Re8 34. Qe4 f5 35.
Qxf5 e4 36. Nh4 Rxc7 37. Qxc8 Rexc8 38. Rxc7 Rxc7 39. a4 Rc2 40. a5 Rxf2 41. b6
axb6 42. axb6 Rf8 43. Ng6 Rb8 44. Ne7+ Kh7 45. Nc6 Rb7 46. Na5 Rb8 47. b7 e3 48.
Kf1 Re8 49. Ke2 Nf4+ 50. Kf3 Nd3 51. b8=Q 1-0

[Event "Women's Speed Chess Main"]
[Site "chess.com INT"]
[Date "2021.06.13"]
[Round "1.24"]
[White "Gunina, Valentina"]
[Black "Lagno, Kateryna"]
[Result "0-1"]
[WhiteTitle "GM"]
[BlackTitle "GM"]
[WhiteElo "2436"]
[BlackElo "2558"]
[WhiteFideId "4167570"]
[BlackFideId "14109336"]
[EventDate "2021.06.12"]

1. d4 Nf6 2. c4 g6 3. Nc3 d5 4. cxd5 Nxd5 5. e4 Nxc3 6. bxc3 Bg7 7. Bc4 c5 8.
Ne2 Nc6 9. Be3 O-O 10. O-O e6 11. Rc1 b6 12. Bb5 Bb7 13. Qd2 Na5 14. Bd3 cxd4
15. cxd4 Qd7 16. f3 Rac8 17. h4 Rxc1 18. Rxc1 Rc8 19. Bf2 Rxc1+ 20. Qxc1 h5 21.
Qd2 Nc6 22. Bb5 a6 23. Ba4 b5 24. Bb3 a5 25. d5 a4 26. Bc2 exd5 27. exd5 Ne7 28.
d6 Nc8 29. Nc3 Qxd6 30. Qe3 Qc6 31. Be1 Nd6 32. Bd1 Nf5 33. Qd3 Bd4+ 34. Kf1 b4
35. Bxa4 Qe6 36. Ne4 Ba6 37. Bb5 Bxb5 38. Qxb5 Qxa2 39. Bd2 b3 40. Qe8+ Kg7 41.
Ke2 b2 42. Nc3 Qc4+ 0-1

[Event "Women's Speed Chess Main"]
[Site "chess.com INT"]
[Date "2021.06.13"]
[Round "1.25"]
[White "Lagno, Kateryna"]
[Black "Gunina, Valentina"]
[Result "1/2-1/2"]
[WhiteTitle "GM"]
[BlackTitle "GM"]
[WhiteElo "2558"]
[BlackElo "2436"]
[WhiteFideId "14109336"]
[BlackFideId "4167570"]
[EventDate "2021.06.12"]

1. e4 c6 2. Nc3 d5 3. Nf3 Bg4 4. h3 Bxf3 5. Qxf3 e6 6. d4 Nf6 7. a3 dxe4 8. Qe3
Be7 9. Nxe4 Nxe4 10. Qxe4 Nd7 11. Be2 Nf6 12. Qd3 O-O 13. Bf3 Bd6 14. O-O Qc7
15. g3 Rad8 16. Qe2 Rfe8 17. Bg2 e5 18. dxe5 Bxe5 19. Qf3 Qb6 20. c3 Qb3 21. h4
Qc2 22. h5 Rd3 23. Be3 h6 24. Rab1 a6 25. Bh3 Rd5 26. Bf5 Qb3 27. Kg2 a5 28.
Rfe1 Qc4 29. Re2 Bc7 30. Rbe1 Rde5 31. g4 Nd5 32. Kh3 Bb6 33. b3 Qxc3 34. Rc1
Qxb3 35. Rb1 Qxa3 36. Rxb6 Nxe3 37. Rxb7 Qc1 38. fxe3 a4 39. e4 Rc5 40. Kg2 Rc3
41. Qf2 a3 42. Ra7 Rf8 43. Re1 Qg5 44. Rf1 Rb3 45. Be6 Rb2 46. Bxf7+ Kh8 47.
Rxa3 Rxf2+ 48. Rxf2 Qc5 49. Raf3 Qe5 50. Bg6 Rxf3 51. Rxf3 Kg8 52. Rf5 Qxe4+ 53.
Kg3 Qe3+ 54. Rf3 Qg1+ 55. Kh3 Qd4 56. Rf7 c5 57. Re7 Qc3+ 58. Kg2 Qd2+ 59. Kh3
Qc3+ 60. Kg2 Qd2+ 61. Kh3 Qc3+ 1/2-1/2

[Event "Women's Speed Chess Main"]
[Site "chess.com INT"]
[Date "2021.06.13"]
[Round "1.26"]
[White "Gunina, Valentina"]
[Black "Lagno, Kateryna"]
[Result "1-0"]
[WhiteTitle "GM"]
[BlackTitle "GM"]
[WhiteElo "2436"]
[BlackElo "2558"]
[WhiteFideId "4167570"]
[BlackFideId "14109336"]
[EventDate "2021.06.12"]

1. d4 Nf6 2. c4 g6 3. Nc3 d5 4. Nf3 Bg7 5. Qa4+ Bd7 6. Qb3 dxc4 7. Qxc4 a6 8. e4
b5 9. Qb3 c5 10. dxc5 Be6 11. Qc2 Nbd7 12. c6 Nb6 13. Bf4 Qc8 14. Nd4 Nh5 15.
Be3 O-O 16. Be2 Nc4 17. Bxc4 Bxc4 18. b3 e5 19. Nf3 Be6 20. Nd5 Bxd5 21. exd5 e4
22. Nd4 Qg4 23. O-O Bxd4 24. h3 Qf5 25. Bxd4 Qxd5 26. Rfd1 Rfc8 27. Rac1 Qe6 28.
Bb2 e3 29. Re1 exf2+ 30. Qxf2 Qd5 31. Re7 Re8 32. Rxe8+ Rxe8 33. c7 Rc8 34. g4
Qg5 35. Qd4 f6 36. Qd8+ Kg7 37. Rf1 Qe3+ 38. Rf2 Qg3+ 39. Kf1 Qxc7 40. Qxc7+
Rxc7 41. gxh5 gxh5 42. Bxf6+ Kg6 43. Bb2 Kg5 44. Kg2 Rc6 45. Bd4 h4 46. Be3+ Kg6
47. Kf3 a5 48. Rg2+ Kh5 49. Rg5+ 1-0

[Event "Women's Speed Chess Main"]
[Site "chess.com INT"]
[Date "2021.06.13"]
[Round "1.27"]
[White "Lagno, Kateryna"]
[Black "Gunina, Valentina"]
[Result "0-1"]
[WhiteTitle "GM"]
[BlackTitle "GM"]
[WhiteElo "2558"]
[BlackElo "2436"]
[WhiteFideId "14109336"]
[BlackFideId "4167570"]
[EventDate "2021.06.12"]

1. e4 c6 2. Nf3 d5 3. Nc3 dxe4 4. Nxe4 Nf6 5. Qe2 Nxe4 6. Qxe4 Nd7 7. d4 Nf6 8.
Qf4 Nd5 9. Qd2 Bf5 10. c4 Nf6 11. Bd3 Bxd3 12. Qxd3 e6 13. O-O Qc7 14. Qc2 Be7
15. a3 h6 16. h3 O-O 17. Be3 a5 18. Rfd1 Rfd8 19. Rd3 Ne4 20. Rad1 Nd6 21. b3
Nf5 22. Bc1 Bf6 23. Bb2 Rd7 24. a4 Rad8 25. g3 Qb6 26. c5 Qc7 27. Bc3 Ne7 28.
Kg2 Nd5 29. Bd2 Rb8 30. Rc1 Qd8 31. Qc4 Ne7 32. Bf4 Ra8 33. Rcd1 Nd5 34. Bd2 b6
35. Be1 Rb7 36. Nd2 b5 37. axb5 cxb5 38. Qc1 Nb4 39. Rf3 Qxd4 40. Nb1 Qe4 41.
Nc3 Qc6 42. Qe3 Be7 43. Ne4 Nd5 44. Qd4 b4 45. Kg1 Rd8 46. Qc4 Rbd7 47. Rfd3 f5
48. Nd2 Bxc5 49. Nf3 Rc7 50. Kg2 Rdc8 51. Qh4 Be7 52. Qh5 Bf6 53. Qg6 Qe8 54.
Qxe8+ Rxe8 55. Bd2 Rc2 56. Re1 Nc3 57. Rd6 Ne4 58. Rd3 Bc3 59. Bxc3 bxc3 60. Nd4
Rxf2+ 61. Kg1 Rd2 62. Rde3 Rxd4 0-1

[Event "Women's Speed Chess Main"]
[Site "chess.com INT"]
[Date "2021.06.13"]
[Round "1.31"]
[White "Gunina, Valentina"]
[Black "Lagno, Kateryna"]
[Result "1-0"]
[WhiteTitle "GM"]
[BlackTitle "GM"]
[WhiteElo "2436"]
[BlackElo "2558"]
[WhiteFideId "4167570"]
[BlackFideId "14109336"]
[EventDate "2021.06.12"]

1. d4 Nf6 2. c4 g6 3. Nc3 Bg7 4. e4 d6 5. Be2 O-O 6. Be3 Nc6 7. d5 Ne5 8. h3 c6
9. Nf3 Nxf3+ 10. Bxf3 Bd7 11. O-O Rc8 12. Rc1 a6 13. Qb3 cxd5 14. cxd5 b5 15.
Ne2 Qa5 16. Nd4 Rfe8 17. a3 h5 18. Rfd1 Nh7 19. Qd3 Qa4 20. Rxc8 Rxc8 21. Be2
Nf6 22. f3 Qa5 23. b4 Qd8 24. Rc1 Rxc1+ 25. Bxc1 Qc7 26. Be3 Be8 27. Qd2 Nd7 28.
f4 Nb8 29. Bf3 Qc4 30. Kh2 Bd7 31. Be2 Qc7 32. Bd3 Bf6 33. Nf3 Qc3 34. Qe2 Qb2
35. e5 Qxe2 36. Bxe2 Bg7 37. Ba7 Bf5 38. Bxb8 Be4 39. exd6 exd6 40. Bxd6 Bxd5
41. Ne5 Be4 42. Bf3 Bc2 43. Bb7 Bh6 44. Nf3 Bg7 45. Be5 Ba4 46. Bxa6 f6 47. Bd4
Kf7 48. Bc3 Ke6 49. Nd4+ Kd5 50. Nf3 Kc4 51. Bd2 Kb3 52. Nd4+ Kc4 53. Ne6 Bh6
54. Bb7 Kb3 55. Bc1 Kc2 56. Be3 Kb3 57. Nc5+ Kxa3 58. Bd2 Bf8 59. Be4 f5 60. Bd3
Bd6 61. Kg3 Be7 62. Kf3 Kb2 63. Ke2 Bd6 64. Ke3 Be7 65. Be2 Bf6 66. Nd3+ Kb3 67.
Ne5 Ka3 68. Bc3 Be7 69. Nc6 Bd6 70. g3 Kb3 71. Kd2 Bf8 72. Bd1+ Ka3 73. Bxa4
Kxa4 74. Kc2 Bd6 75. Be5 Bf8 76. Kc3 Ka3 77. Nd4 Ka4 78. Ne6 Bxb4+ 79. Kd4 Be1
80. Nc5+ Ka3 81. Kd5 Bxg3 82. Ke6 b4 83. Kf6 b3 84. Nxb3 Kxb3 85. Kxg6 Kc4 86.
Kxf5 Kd5 87. Bf6 h4 88. Bg5 Kd6 89. Kg6 Ke6 90. f5+ Kd7 91. f6 Bd6 92. f7 Bf8
93. Kh7 Ke6 94. Kg8 Bc5 95. Bxh4 Bf8 96. Kxf8 1-0

[Event "Women's Speed Chess Main"]
[Site "chess.com INT"]
[Date "2021.06.13"]
[Round "1.32"]
[White "Lagno, Kateryna"]
[Black "Gunina, Valentina"]
[Result "1-0"]
[WhiteTitle "GM"]
[BlackTitle "GM"]
[WhiteElo "2558"]
[BlackElo "2436"]
[WhiteFideId "14109336"]
[BlackFideId "4167570"]
[EventDate "2021.06.12"]

1. Nf3 d5 2. g3 c6 3. Bg2 Bg4 4. O-O Nd7 5. d4 e6 6. c4 Ngf6 7. Qb3 Qb6 8. Nc3
h6 9. c5 Qa6 10. Re1 b6 11. cxb6 Qxb6 12. Qa4 Be7 13. Ne5 Rc8 14. Nxg4 Nxg4 15.
h3 Ngf6 16. Qd1 O-O 17. Na4 Qb5 18. b3 Ne4 19. Bb2 Bb4 20. Rf1 Ba5 21. Rc1 Ndf6
22. Qd3 a6 23. Rc2 Qb7 24. Rfc1 Bb4 25. g4 Bd6 26. f3 Ng5 27. h4 Ngh7 28. Nc5
Qe7 29. Nxa6 Ne8 30. e4 Qxh4 31. e5 Be7 32. Rxc6 Rxc6 33. Rxc6 Ng5 34. Qe2 f6
35. Qf2 Qxf2+ 36. Kxf2 fxe5 37. dxe5 Ne4+ 38. Ke2 Ng3+ 39. Kd3 Kf7 40. b4 h5 41.
b5 g6 42. b6 Ng7 43. b7 1-0

[Event "Women's Speed Chess Main"]
[Site "chess.com INT"]
[Date "2021.06.13"]
[Round "1.33"]
[White "Gunina, Valentina"]
[Black "Lagno, Kateryna"]
[Result "0-1"]
[WhiteTitle "GM"]
[BlackTitle "GM"]
[WhiteElo "2436"]
[BlackElo "2558"]
[WhiteFideId "4167570"]
[BlackFideId "14109336"]
[EventDate "2021.06.12"]

1. d4 Nf6 2. c4 g6 3. Nc3 d5 4. cxd5 Nxd5 5. e4 Nxc3 6. bxc3 Bg7 7. Bc4 O-O 8.
Ne2 c5 9. O-O Nc6 10. Be3 e6 11. Rc1 b6 12. Qd2 Bb7 13. f3 cxd4 14. cxd4 Na5 15.
Bd3 Rc8 16. Rxc8 Qxc8 17. Rc1 Qd7 18. h4 Rc8 19. Rxc8+ Qxc8 20. h5 Nc4 21. Bxc4
Qxc4 22. h6 Bf8 23. Bf4 f6 24. Bg3 g5 25. e5 Bxh6 26. exf6 Kf7 27. Be5 b5 28.
Ng3 b4 29. Ne4 Bxe4 30. fxe4 a5 31. d5 exd5 32. exd5 Kg6 33. Bb2 g4 34. Qd1 Be3+
35. Kh2 Qf4+ 36. g3 Qf2+ 37. Kh1 Qxg3 38. Qc2+ Kh6 39. Qh2+ Qxh2+ 40. Kxh2 Kg6
41. Kg3 h5 42. d6 Bb6 43. d7 Bd8 44. Kh4 a4 45. Be5 b3 46. axb3 axb3 47. Bb2 Kf7
48. Kg3 Ke6 49. Kh4 Kxd7 50. Kxh5 g3 51. f7 Be7 52. Bf6 g2 53. Bd4 b2 0-1

[Event "Women's Speed Chess Main"]
[Site "chess.com INT"]
[Date "2021.06.13"]
[Round "1.34"]
[White "Lagno, Kateryna"]
[Black "Gunina, Valentina"]
[Result "0-1"]
[WhiteTitle "GM"]
[BlackTitle "GM"]
[WhiteElo "2558"]
[BlackElo "2436"]
[WhiteFideId "14109336"]
[BlackFideId "4167570"]
[EventDate "2021.06.12"]

1. Nf3 d5 2. g3 c6 3. Bg2 Bg4 4. O-O Nd7 5. d4 e6 6. c4 Ngf6 7. Qb3 Qb6 8. Nc3
Be7 9. c5 Qxb3 10. axb3 Bxf3 11. Bxf3 a6 12. b4 Rc8 13. e4 dxe4 14. Nxe4 Nxe4
15. Bxe4 Nf6 16. Bf3 Rd8 17. Rd1 Nd5 18. Bd2 Bf6 19. Bc3 Ke7 20. h4 Rd7 21. h5
h6 22. Kg2 Rhd8 23. Re1 Nc7 24. Bd2 Rxd4 25. Bf4 Nd5 26. Bd6+ Kd7 27. Rad1 Rxb4
28. Be4 Rxb2 29. Rb1 Rxb1 30. Rxb1 b5 31. cxb6 Kxd6 32. b7 Rb8 33. Bd3 a5 34.
Ba6 Nb4 0-1

[Event "Women's Speed Chess Main"]
[Site "chess.com INT"]
[Date "2021.06.13"]
[Round "1.35"]
[White "Gunina, Valentina"]
[Black "Lagno, Kateryna"]
[Result "0-1"]
[WhiteTitle "GM"]
[BlackTitle "GM"]
[WhiteElo "2436"]
[BlackElo "2558"]
[WhiteFideId "4167570"]
[BlackFideId "14109336"]
[EventDate "2021.06.12"]

1. d4 Nf6 2. c4 g6 3. Nf3 Bg7 4. Nc3 O-O 5. e4 d6 6. Be2 e5 7. O-O Nc6 8. Be3
Ng4 9. Bg5 f6 10. Bh4 Nh6 11. Bg3 Kh8 12. d5 Ne7 13. b4 a5 14. a3 f5 15. Ne1 g5
16. f3 f4 17. Bf2 Nf7 18. c5 h5 19. h3 Nh6 20. cxd6 cxd6 21. Nb5 Ng6 22. Rc1 Rf7
23. Qc2 axb4 24. axb4 g4 25. fxg4 hxg4 26. Nc7 g3 27. Bb6 Rb8 28. Ba7 Bxh3 29.
gxh3 Qh4 30. Bf3 Rbf8 31. Qg2 Qe7 32. Ne6 Nh4 33. Qh1 Rg8 34. Ng2 Nxf3+ 35. Rxf3
b5 36. Bb6 Qf6 37. Ne1 Qg6 38. Rf1 Qh5 39. Qg2 Rb7 40. Ba5 Nf7 41. Nf3 Bh6 42.
Rc7 Rxc7 43. Bxc7 Qg6 44. Re1 Qh5 45. Bb6 Ra8 46. Ba5 Rc8 47. Nc7 Qg6 48. Nxb5
Rc4 49. Nc7 Rc3 50. b5 Rb3 51. b6 Qh5 52. Nd2 f3 53. Nxb3 fxg2 54. Kxg2 Ng5 55.
Kxg3 Qxh3+ 56. Kf2 Qf3+ 57. Kg1 Nh3+ 58. Kh2 Bf4# 0-1